01702nam a22002297a 450000500170000000800410001702000180005804000070007604100080008308200220009110000250011324500700013826000570020830000290026536500640029452008550035865000500121370000240126394200120128799900190129995201540131820240304100921.0240304b ||||| |||| 00| 0 eng d a9781433833458 cAL aeng 223a300.721bHILE aClara E Hill9152628 aEssentials of consensual qualitative research  aWashingtonbAmerican Psychological Associationc2021 aviii,104p.bPBc23x15cm. 2Generala7740b₹1348.73c₹d₹1729.00e22%f15-02-2024 aThe brief, practical texts in the Essentials of Qualitative Methods series introduce social science and psychology researchers to key approaches to capturing phenomena not easily measured quantitatively, offering exciting, nimble opportunities to gather in-depth qualitative data.In this volume, Clara E. Hill and Sarah Knox describe consensual qualitative research (CQR), an inductive method characterized by open-ended interview questions, small samples, a reliance on words over numbers, the importance of context, an integration of multiple viewpoints (for example, the consensus of the research team and auditors), and a high emphasis on rigor and replicability. CQR is especially well suited to research that requires rich descriptions of inner experiences, attitudes, and convictions, and is therefore widely used by psychotherapy researchers. 2Qualitative ResearchaSocial Sciences9152629 aKnox, Sarah9152630 2ddccBK c229977d229977 00102ddc40708CPSYaSACPGbSACPGd2024-02-24eBiblios Book Pointg1348.73l0o300.721 HILEpPG024646r2024-03-04 00:00:00v1729.00w2024-03-04yBK